[Event "AUTO-OPEN-2019"]
[Site "http://www.queenalice.com/game.php?id=794533"]
[Date "2010.6.24"]
[Round "1"]
[White "sd621"]
[Black "torre"]
[Result "1-0"]
[WhiteElo "1456"]
[BlackElo "1541"]

1. d4 d5 2. Nf3 Nc6 3. Bf4 Bf5 4. e3 Nb4 5. Na3 Nf6 6. c3 Na6 7. Qb3 Qc8 8. h3
e6 9. Nb5 c6 10. Nd6+ Bxd6 11. Bxd6 Qd7 12. Ba3 b5 13. Ne5 Qc7 14. Nxc6 Nb8 15.
Ne5 a6 16. Bd3 Bxd3 17. Nxd3 Ng8 18. O-O Ne7 19. Rfe1 O-O 20. Rac1 Nbc6 21. Qd1
Rfe8 22. b3 Nf5 23. c4 dxc4 24. bxc4 1-0

[Event "AUTO-OPEN-2026"]
[Site "http://www.queenalice.com/game.php?id=797562"]
[Date "2010.7.2"]
[Round "1"]
[White "sd621"]
[Black "Parma"]
[Result "1-0"]
[WhiteElo "1705"]
[BlackElo "1786"]

1. d4 d5 2. Nf3 e6 3. e3 Nf6 4. Bd3 c5 5. c4 Nc6 6. a3 dxc4 7. Bxc4 a6 8. a4
cxd4 9. exd4 Bb4+ 10. Nc3 O-O 11. O-O Na5 12. Be2 Bxc3 13. bxc3 Bd7 14. Ne5 Nc6
15. Bg5 h6 16. Nxd7 Qxd7 17. Bxf6 gxf6 18. Re1 f5 19. Rb1 Rac8 20. Bf3 1-0

[Event "AUTO-OPEN-2026"]
[Site "http://www.queenalice.com/game.php?id=797563"]
[Date "2010.7.2"]
[Round "1"]
[White "Parma"]
[Black "sd621"]
[Result "0-1"]
[WhiteElo "1786"]
[BlackElo "1661"]

1. d4 d5 2. c4 e6 3. e3 Nf6 4. Nf3 c5 5. Nc3 Nc6 6. dxc5 Bxc5 7. cxd5 exd5 8.
Bb5 O-O 9. O-O Bg4 10. h3 Bh5 11. Be2 Re8 12. Nd4 Bxe2 13. Ndxe2 Qd7 14. a3 Rad8
15. Qc2 d4 16. exd4 Nxd4 17. Nxd4 Bxd4 18. Bg5 h6 19. Rad1 hxg5 0-1

[Event "AUTO-OPEN-2026"]
[Site "http://www.queenalice.com/game.php?id=797566"]
[Date "2010.7.2"]
[Round "1"]
[White "sd621"]
[Black "geniolucio"]
[Result "1-0"]
[WhiteElo "1652"]
[BlackElo "1730"]

1. d4 d5 2. Nf3 Bg4 3. e3 e6 4. Bd2 a6 5. c4 Nf6 6. Bd3 Be7 7. Nc3 dxc4 8. Bxc4
O-O 9. Be2 c6 10. a3 b5 11. h3 Bf5 12. O-O Nbd7 13. Ng5 Ne4 14. Ngxe4 Nf6 15.
Nxf6+ Bxf6 16. e4 Bg6 17. Be3 Qe7 18. Bf3 Rad8 19. e5 Bg5 20. Bxg5 f6 21. exf6
gxf6 22. Bh6 Rf7 23. Bxc6 Qd6 24. d5 exd5 25. Bxd5 Qe5 26. Bxf7+ Kxf7 27. Qxd8
1-0

[Event "AUTO-OPEN-2026"]
[Site "http://www.queenalice.com/game.php?id=797567"]
[Date "2010.7.2"]
[Round "1"]
[White "geniolucio"]
[Black "sd621"]
[Result "0-1"]
[WhiteElo "1741"]
[BlackElo "1772"]

1. e4 e5 2. Nf3 Nc6 3. Bb5 a6 4. Ba4 Nf6 5. d3 b5 6. Bb3 Be7 7. O-O d6 8. c3 O-O
9. Bg5 Re8 10. Bxf6 Bxf6 11. d4 exd4 12. cxd4 Na5 13. h3 Nxb3 14. Qxb3 Bb7 15.
Nc3 Bxe4 16. Nxe4 Rxe4 17. Qd5 Re8 18. g3 Qd7 19. Rac1 Rec8 20. h4 c6 21. Qe4 d5
22. Qd3 Rc7 23. Ne5 Bxe5 24. dxe5 Qe7 25. f4 f6 26. Rfe1 Rac8 27. exf6 Qxf6 28.
b3 d4 29. Re5 c5 30. Rce1 g6 31. Re6 c4 32. bxc4 bxc4 33. Qe4 Qg7 34. Re8+ Rxe8
35. Qxe8+ Qf8 36. Qe5 Rd7 37. Qe6+ Qf7 38. Qxa6 d3 39. Qc8+ Kg7 40. a4 Rc7 41.
Qa6 Qd7 42. Qb6 d2 43. Rd1 c3 44. Qe3 c2 45. Qe5+ Kh6 46. Rxd2 c1=Q+ 47. Kh2
Qcxd2+ 0-1

[Event "AUTO-INT-1744"]
[Site "http://www.queenalice.com/game.php?id=797659"]
[Date "2010.7.2"]
[Round "1"]
[White "ditommaso"]
[Black "sd621"]
[Result "0-1"]
[WhiteElo "1655"]
[BlackElo "1594"]

1. e4 e5 2. Bc4 Nc6 3. Qf3 Nf6 4. Nc3 d6 5. d3 Nd4 6. Qe3 Nxc2+ 7. Kd1 Nxe3+ 8.
Bxe3 Be6 9. Bxe6 fxe6 10. Nf3 d5 11. exd5 exd5 12. d4 exd4 13. Bxd4 Be7 14. Kc2
O-O 15. Rad1 c5 16. Bxf6 Bxf6 17. Nxd5 Qd6 18. Nxf6+ Qxf6 19. Rd2 Qg6+ 20. Rd3
c4 0-1

[Event "AUTO-INT-1744"]
[Site "http://www.queenalice.com/game.php?id=797660"]
[Date "2010.7.2"]
[Round "1"]
[White "sd621"]
[Black "ditommaso"]
[Result "1-0"]
[WhiteElo "1742"]
[BlackElo "1771"]

1. d4 Nf6 2. Nf3 e6 3. a3 d5 4. e3 Bd7 5. c4 Bc6 6. Bd3 Be7 7. O-O O-O 8. Bd2 b6
9. Nc3 Bd6 10. Re1 Nbd7 11. b4 e5 12. cxd5 Bxd5 13. Qc2 exd4 14. Nxd5 Nxd5 15.
exd4 c5 16. dxc5 bxc5 17. bxc5 Bxc5 18. Bxh7+ Kh8 19. Be4 Rc8 20. Qd3 N7f6 21.
Ng5 g6 22. Qh3+ Kg7 23. Rad1 Rh8 24. Qf3 Qd7 25. Bxd5 Nxd5 26. Nxf7 Rhf8 27.
Bc3+ Kg8 28. Qxd5 Qxf7 29. Qe5 Bxa3 30. Qh8# 1-0

[Event "AUTO-INT-1744"]
[Site "http://www.queenalice.com/game.php?id=797671"]
[Date "2010.7.2"]
[Round "1"]
[White "Koukin"]
[Black "sd621"]
[Result "0-1"]
[WhiteElo "1451"]
[BlackElo "1799"]

1. e4 e5 2. Nf3 Nc6 3. Bb5 a6 4. Ba4 Nf6 5. Nc3 b5 6. Bb3 Be7 7. Ng5 O-O 8. a3
Bb7 9. Qf3 h6 10. Nh3 b4 11. axb4 Nxb4 12. Qd1 d5 13. d3 dxe4 14. Bc4 exd3 0-1

[Event "AUTO-INT-1744"]
[Site "http://www.queenalice.com/game.php?id=797672"]
[Date "2010.7.2"]
[Round "1"]
[White "sd621"]
[Black "Koukin"]
[Result "1-0"]
[WhiteElo "1795"]
[BlackElo "1451"]

1. d4 e6 2. e4 Nf6 3. Bd3 d6 4. f4 Be7 5. Nf3 c6 6. O-O b6 7. c4 Bd7 8. Bd2 b5
9. b3 O-O 10. h3 bxc4 11. bxc4 Qc8 12. Qc2 Nh5 13. e5 g6 14. Kh2 c5 15. d5 1-0

[Event "AUTO-INT-1744"]
[Site "http://www.queenalice.com/game.php?id=797677"]
[Date "2010.7.2"]
[Round "1"]
[White "SGF"]
[Black "sd621"]
[Result "1-0"]
[WhiteElo "1685"]
[BlackElo "1498"]

1. e4 e5 2. Qf3 Nc6 3. Bc4 Nf6 4. c3 d6 5. h3 Be7 6. Be2 O-O 7. d3 Nd7 8. Qg3 g6
9. h4 Re8 10. h5 Nf8 11. hxg6 hxg6 12. Qh2 Kg7 13. Qh8# 1-0

[Event "AUTO-INT-1744"]
[Site "http://www.queenalice.com/game.php?id=797678"]
[Date "2010.7.2"]
[Round "1"]
[White "sd621"]
[Black "SGF"]
[Result "0-1"]
[WhiteElo "1705"]
[BlackElo "1663"]

1. d4 e6 2. e4 Qf6 3. e5 Qg6 4. Nf3 Be7 5. Be3 h6 6. Nfd2 d6 7. g3 dxe5 8. dxe5
Nc6 9. a3 Nxe5 10. Bf4 Bd6 11. Nc3 c6 12. Nde4 Bc7 13. Bxe5 Bxe5 14. Bd3 f5 15.
Nd2 b5 16. Qf3 Bb7 17. Bxb5 Ne7 18. O-O Rb8 19. Be2 Bxc3 20. Qxc3 Nd5 21. Qb3 f4
22. Rfe1 fxg3 23. fxg3 h5 24. Ne4 h4 25. Bd3 Qg4 26. Nd6+ Kd7 27. Nf7 Qd4+ 28.
Kg2 h3+ 29. Kh1 Qf2 30. Ne5+ Kc8 31. Re2 Qf6 32. Qc4 Nb6 33. Ng4 Qf3+ 34. Kg1
Nxc4 0-1